| 000 | 00360nam a22001217a 4500 | ||
|---|---|---|---|
| 999 |
_c515918 _d515918 |
||
| 082 | _aTNC Q811 S82 | ||
| 100 |
_aStrathern, Andrew (ed.) _922170 |
||
| 245 |
_aTerror and violence : _bImagination and the unimaginable _cedited by Andrew Strathern |
||
| 260 |
_aHyderabad _bOrient _c2006 |
||
| 300 | _a250p. | ||
| 650 |
_aTerrorism _922171 |
||
| 650 |
_aViolence _922172 |
||